000 00960nam a2200325 i 4500
001 bgj
100 1 _aHAWTHORNE, Nathaniel
_d(1804-1864)
245 1 0 _aThe Scarlet Letter /
_cNathaniel Hawthorne ; with an afterword by Maxwell Geismar.
250 _a[49th print.].
260 _aNew York :
_bWashington Square Press,
_c1970.
300 _a279 pp ;
_c18 cm.
650 9 _aTriangles (Interpersonal relations)
650 9 _aIllegitimate children
650 9 _aWomen immigrants
650 9 _aMarried women
650 9 _aPuritans
650 9 _aAdultery
650 9 _aRevenge
650 9 _aClergy
650 9 _aPsychological fiction
650 9 _aHistorical fiction
651 9 _aNew England
_xSocial life and customs
651 9 _aBoston (Mass.)
_xHistory
_yColonial period, ca. 1600-1775
655 _aFiction
700 1 _aGEISMAR, Maxwell
040 _cBPK
041 0 _aeng
942 _cKS
008 s uk f |000 0 eng
999 _c47413
_d47413
856 _uhttp://koha.tu.koszalin.pl/cgi-bin/koha/opac-detail.pl?biblionumber=47413
_yKatalog online BPK